000 00723cam a2200229 4500
001 4558
005 20181127173645.0
008 060627s2006 nyuaf 000 0deng
010 _a 2006048468
020 _a0385517238
020 _a9780385517232
043 _an-us-ok
100 1 _aGrisham, John.
245 1 4 _aThe innocent man :
_bmurder and injustice in a small town /
_cJohn Grisham.
260 _aNew York :
_bDell Books,
_cc2006.
300 _a434 p. ;
_bill. ;
_c18 cm.
600 1 0 _aWilliamson, Ronald Keith,
_d1953-2004
_vTrials, litigation, etc.
650 0 _aCapital punishment
_zOklahoma.
650 0 _aJudicial error
_zOklahoma.
650 0 _aTrials (Murder)
_zOklahoma.
999 _c3778
_d3778